| 000 | 00373cam a2200157ua 4500 | ||
|---|---|---|---|
| 041 |
_aeng _h |
||
| 082 |
_a930 _bWEE/HI |
||
| 100 | _aWeech, W.N . | ||
| 245 | 0 | 0 |
_aHistory of the world / _cW.N.Weech. _hTextual Documents |
| 250 |
_a3 / _b. |
||
| 260 |
_aMumbai : _bAsia Publishing House , _c1961. |
||
| 300 | _a1015 ; . | ||
| 504 | _a | ||
| 942 | _cBK | ||
| 999 |
_c743 _d743 |
||